000 00363nam a2200145Ia 4500
008 230711s9999||||xx |||||||||||||| ||und||
041 _aENG
082 _a658
_bFI-P
100 _aFinance Deptt
245 0 _aPunjab financial rules
250 _a1st
260 _c1990
_aNew Delhi
_bFinance Deptt Publication
650 _aLibrary and Information Science
942 _cBK
999 _c58
_d58